| 000 | 02071nam a2200469Ii 4500 | ||
|---|---|---|---|
| 001 | DIGMECD0140 | ||
| 003 | NyNyDIG | ||
| 008 | 181102s2012 sp a o 000 0 spa d | ||
| 006 | m o d | ||
| 007 | cr ||||||||||| | ||
| 035 | _a(OCoLC)1060973170 | ||
| 040 |
_aDGITA _beng _erda _epn _cDGITA |
||
| 020 |
_a9788436952551 _q(eBook ; _qpdf) |
||
| 020 |
_a8436952553 _q(eBook ; _qpdf) |
||
| 020 | _z9788436947144 | ||
| 020 | _z8436947142 | ||
| 024 | 7 |
_z660-09-093-6 _2nipo |
|
| 041 | 1 |
_aspa _aara _hspa |
|
| 043 |
_ae-sp--- _af-mr--- |
||
| 050 | 1 | 4 | _aPJ6068.S7 ebook |
| 082 | 0 | 4 | _a492.782461 |
| 245 | 0 | 0 |
_aGuía práctica del profesorado de lengua árabe y cultura marroquí : _benseñanza de la lengua y cultura de origen, lengua árabe y cultura marroquí. |
| 250 | _aEdición bilingüe español-árabe. | ||
| 264 | 1 |
_a[Madrid] : _bMinisterio de Educación, Subdirección General de Información y Publicaciones, _c[2012] |
|
| 300 | _a1 online resource. | ||
| 336 |
_atext _btxt _2rdacontent |
||
| 337 |
_acomputer _bc _2rdamedia |
||
| 338 |
_aonline resource _bcr _2rdacarrier |
||
| 546 | _aText in Spanish and Arabic. | ||
| 588 | 0 | _aOnline resource; title from PDF title page (Digitalia, viewed November 6, 2018) | |
| 650 | 0 |
_aArabic language _xStudy and teaching _zSpain. |
|
| 651 | 0 |
_aMorocco _xCivilization _xStudy and teaching _zSpain. |
|
| 655 | 0 | _aElectronic books. | |
| 791 | 2 |
_aDigitalia (Firm), _edistributor. |
|
| 793 | 0 |
_gDigitalia eBook Collection: _aMinisterio de Educación, Cultura y Deporte de España |
|
| 776 | 0 | 8 |
_iPrint version: _tGuía práctica del profesorado de lengua árabe y cultura marroquí. _bEdición bilingüe español-árabe. _d[Madrid] : Ministerio de Educación, Subdirección General de Información y Publicaciones, 2009 _z9788436947144 |
| 856 | 4 | 0 |
_3Digitalia Hispánica _uhttps://www.digitaliapublishing.com/a/30227/ |
| 910 | _aPremium collection: 2018 | ||
| 880 | 3 |
_6246-00/(3/r _aدليل عملي لمدرسي اللغة العربية والثقافة المغربية |
|
| 066 | _c(3 | ||
| 942 | _cRAA | ||
| 999 |
_c240340 _d240340 |
||